=LDR 00000nam 2200000 4500 =001 NUTBA000000000003989 =005 20201120015932 =035 ##$$a 0010-091400000000022 =008 201120################g##########0#ind## =020 ##$$a 979-676-789-9 =082 ##$$a 330 =090 ##$$a 330-Kar-e =100 ##$$a Kardiman =245 1#$$a Ekonomi 3 SMP Kelas IX : $b Dunia keseharian kita /$c Drs. Kardiman, Endang Mulyadi, S.Pd., Drs. Achmad Kusriadi; editor, Muhammad Rajaga =260 ##$$a Bogor :$b Yudhistira,$c 2006 =300 ##$$a ix, 101 hlm. : $b ilus ; $c 25 x19 cm. =850 ##$$a NBPNMAT =084 ##$$a 330 KAR e =650 #4$$a Ekonomi =700 #$$a Mulyadi, Endang =700 #$$a Kusriadi; Endang =990 ##$$a 0001/BPAP-NTB/20142014 =990 ##$$a 20703707